[Event "Kuala Lumpur Merdeka rapid op"]
[Site "Kuala Lumpur"]
[Date "2019.09.01"]
[Round "6"]
[White "Jamil, Mohd Nor Hafiz"]
[Black "Marohom, De Leon Jr"]
[Result "0-1"]
[WhiteElo "1648"]
[BlackElo "2231"]
[PlyCount "102"]
[EventDate "2019.09.01"]
[EventType "swiss (rapid)"]
[EventRounds "7"]
[EventCountry "MAS"]
[SourceTitle "EXT 2020"]
[Source "ChessBase"]
[SourceDate "2019.10.17"]
[SourceVersion "1"]
[SourceVersionDate "2019.10.17"]
[SourceQuality "1"]

1. e4 c5 2. Nc3 a6 3. Nge2 d6 4. g3 Nc6 5. Bg2 g6 6. d3 Bg7 7. 0-0 e6 8. Be3 Nd4 9. Qd2 Ne7 10. Rab1 Nec6 11. f4 0-0 12. Nd1 Rb8 13. c3 Nxe2+ 14. Qxe2 Qc7 15. Qd2 b6 16. Nf2 Bb7 17. Nh3 f5 18. Ng5 Rbe8 19. Rfc1 h6 20. Nh3 Kh7 21. Nf2 e5 22. exf5 gxf5 23. Re1 Qd7 24. h3 Qf7 25. a3 a5 26. c4 exf4 27. Bxf4 Nd4 28. Be3 Bxg2 29. Bxd4 Bxd4 30. Kxg2 Qb7+ 31. Kh2 Qf3 32. Nh1 f4 33. Rxe8 Rxe8 34. Re1 fxg3+ 35. Nxg3 Be5 36. Rxe5 Rxe5 37. Ne4 d5 38. cxd5 Rxd5 39. Qf2 Qxf2+ 40. Nxf2 c4 41. dxc4 Rd2 42. Kg1 Rxb2 43. Ne4 Rb3 44. a4 Rb4 45. Nf6+ Kg6 46. Nd5 Rxc4 47. Nxb6 Rb4 48. Nd7 Rxa4 49. Ne5+ Kf5 50. Nd3 Ra1+ 51. Kf2 a4 0-1

[Event "Penang op 7th"]
[Site "Penang"]
[Date "2015.12.11"]
[Round "8"]
[White "Nguyen, Van Huy"]
[Black "Marohom, De Leon Jr"]
[Result "1-0"]
[WhiteElo "2465"]
[BlackElo "2249"]
[PlyCount "81"]
[EventDate "2015.12.07"]
[EventType "swiss"]
[EventRounds "9"]
[EventCountry "MAS"]
[SourceTitle "CBM 169 Extra"]
[Source "ChessBase"]
[SourceDate "2015.12.18"]
[SourceVersion "1"]
[SourceVersionDate "2015.12.18"]
[SourceQuality "1"]

1. d4 Nf6 2. Nf3 g6 3. c4 Bg7 4. Nc3 d6 5. e4 0-0 6. Be2 e5 7. Be3 Ng4 8. Bg5 f6 9. Bc1 Nc6 10. d5 Ne7 11. h3 Nh6 12. h4 Nf7 13. h5 g5 14. Be3 h6 15. Nd2 f5 16. f3 f4 17. Bf2 Kh8 18. c5 dxc5 19. Bxc5 Nd6 20. Rc1 Rf7 21. Bf2 Ng8 22. Nc4 Nxc4 23. Bxc4 Bf8 24. d6 Rd7 25. Bxg8 Kxg8 26. Qd5+ Kh8 27. Qxe5+ Bg7 28. dxc7 Rxc7 29. Qa5 b6 30. Qa3 Be6 31. Rd1 Rd7 32. 0-0 g4 33. Rxd7 Bxd7 34. Qd6 gxf3 35. Bd4 Qg5 36. Rxf3 Bg4 37. Rxf4 Bxh5 38. Bxg7+ Qxg7 39. Rf6 Kh7 40. Nd5 Rg8 41. Rf2 1-0

[Event "Penang op 7th"]
[Site "Penang"]
[Date "2015.12.08"]
[Round "2"]
[White "Bitoon, Richard"]
[Black "Marohom, De Leon Jr"]
[Result "1-0"]
[WhiteElo "2417"]
[BlackElo "2249"]
[PlyCount "77"]
[EventDate "2015.12.07"]
[EventType "swiss"]
[EventRounds "9"]
[EventCountry "MAS"]
[SourceTitle "CBM 169 Extra"]
[Source "ChessBase"]
[SourceDate "2015.12.18"]
[SourceVersion "1"]
[SourceVersionDate "2015.12.18"]
[SourceQuality "1"]

1. Nf3 Nf6 2. g3 d5 3. c4 c6 4. Bg2 dxc4 5. Qc2 b5 6. a4 Bb7 7. b3 cxb3 8. Qxb3 a6 9. 0-0 e6 10. d4 Be7 11. Nbd2 0-0 12. e4 Nbd7 13. Re1 Rb8 14. e5 Nd5 15. Ne4 b4 16. Bg5 c5 17. dxc5 Nxc5 18. Nxc5 Bxg5 19. Nxg5 Qxg5 20. Nd7 a5 21. Nxf8 Rxf8 22. Qc4 Qe7 23. Qb5 Ra8 24. Rac1 h5 25. h4 Ra7 26. Qc5 Qxc5 27. Rxc5 Kh7 28. f4 Ba8 29. Be4+ g6 30. Bxd5 Bxd5 31. Rec1 b3 32. Rb5 Kg7 33. Rcc5 f6 34. Rxa5 Rd7 35. exf6+ Kxf6 36. Rab5 Kf5 37. Rxb3 Kg4 38. Rbc3 Ra7 39. a5 1-0

[Event "Penang op 6th"]
[Site "Penang"]
[Date "2014.12.11"]
[Round "7"]
[White "Marohom, De Leon Jr"]
[Black "Swapnil, S Dhopade"]
[Result "1-0"]
[WhiteElo "2267"]
[BlackElo "2418"]
[PlyCount "75"]
[EventDate "2014.12.08"]
[EventType "swiss"]
[EventRounds "9"]
[EventCountry "MAS"]
[SourceTitle "CBM 163 Extra"]
[Source "ChessBase"]
[SourceDate "2014.12.23"]
[SourceVersion "1"]
[SourceVersionDate "2014.12.23"]
[SourceQuality "1"]

1. e4 c6 2. d4 d5 3. exd5 cxd5 4. c4 Nf6 5. Nc3 Nc6 6. Nf3 g6 7. cxd5 Nxd5 8. Qb3 e6 9. Bg5 Qa5 10. Bd2 Bg7 11. Bc4 Qd8 12. Nxd5 exd5 13. Bxd5 0-0 14. 0-0 Bg4 15. Ne5 Nxe5 16. dxe5 Bxe5 17. Bb4 Bd6 18. Bxd6 Qxd6 19. h3 Be2 20. Rfe1 Ba6 21. Rad1 Qc7 22. Qf3 Rad8 23. Qf6 Rd7 24. Bb3 Rxd1 25. Rxd1 Re8 26. h4 Qe7 27. Qf4 h5 28. Rc1 Rd8 29. Rc7 Rd7 30. Qxf7+ Qxf7 31. Rxd7 Bc4 32. Rxf7 Bxf7 33. Bxf7+ Kxf7 34. f3 Kf6 35. Kf2 Ke5 36. Ke3 Kf5 37. g3 b6 38. Kd4 1-0